| 000 | 01265nam a2200265Ia 4500 | ||
|---|---|---|---|
| 001 | 21650 | ||
| 005 | 20260416162616.0 | ||
| 008 | 260320s9999||||xx |||||||||||||| ||und|| | ||
| 020 | _a9788436829471 | ||
| 041 | _aESP | ||
| 082 |
_a613.62 _bM86 |
||
| 100 |
_aMoreno Jiménez, Bernardo, _eAUT |
||
| 245 | 0 |
_aSalud laboral : _briesgos laborales psicosociales y bienestar laboral |
|
| 260 |
_aMadrid : _bEdiciones Pirámide, _c2024 |
||
| 300 |
_a670 páginas : _bcuadros ; _c24 cm. |
||
| 440 | _a(Colección Psicología) | ||
| 650 | _aTCA | ||
| 653 | _aPromoción de la salud y salud personal; Seguridad en el trabajo; Trabajo - Aspectos psicológicos | ||
| 654 | _aCCS | ||
| 700 |
_aGarrosa Hernández, Eva, _cAUT |
||
| 856 |
_uhttps://itmsp.museknowledge.com/UCSP?url=https://www.ebooks7-24.com:443/?il=3373&pg=1 _zVéase además: Psicología del trabajo: comportamiento humano en el ámbito laboral. Versión digital |
||
| 856 |
_uhttps://0u213wro8-y-https-ebooks7--24-com.itmsp.museknowledge.com/biblioteca.aspx _zVéase además: Base de datos Ebook7-24 |
||
| 856 |
_uhttps://0u20vwrok-y-https-ebookcentral-proquest-com.itmsp.museknowledge.com/lib/catolicasp/home.action _zVéase además: Base de datos ProQuest Ebook Central |
||
| 942 |
_cLIB _dJUS _fMAT _2ddc |
||
| 999 |
_c21650 _d21650 |
||